|
|
|
|
| LEADER |
01610nam a2200385 i 4500 |
| 001 |
39488 |
| 003 |
BD-DhAAL |
| 008 |
220828t2014 bg a b 001 0 eng d |
| 999 |
|
|
|c 44687
|d 44687
|
| 010 |
|
|
|a 2014357631
|
| 020 |
|
|
|a 9789845061452
|
| 025 |
|
|
|a B-E-2014-357631; 22-92
|
| 037 |
|
|
|b Library of Congress -- New Delhi Overseas Office
|
| 040 |
|
|
|a DLC
|b eng
|c DLC
|e rda
|d DLC
|d BD-DhAAL
|
| 042 |
|
|
|a lcode
|a pcc
|
| 043 |
|
|
|a a-bg---
|
| 050 |
0 |
0 |
|a HC440.8.Z9
|b P63874 2014
|
| 082 |
|
|
|a 361.6095492
|2 23
|
| 245 |
0 |
0 |
|a Social protection in Bangladesh :
|b building effective social safety nets and ladders out of poverty /
|c edited by Hossain Zillur Rahman [and three others].
|
| 264 |
|
1 |
|a Dhaka :
|b University Press Limited,
|c c2014.
|
| 300 |
|
|
|a xxviii, 364 pages :
|b illustrations ;
|c 24 cm.
|
| 500 |
|
|
|a "United Nations Development Programme."
|
| 504 |
|
|
|a Includes bibliographical references and index.
|
| 520 |
|
|
|a Contributed articles.
|
| 526 |
|
|
|a GenEd
|
| 541 |
|
|
|a Book Finder International
|e 39488
|
| 650 |
|
0 |
|a Economic assistance, Domestic
|z Bangladesh.
|9 51148
|
| 650 |
|
0 |
|a Poor
|z Bangladesh.
|9 51149
|
| 650 |
|
0 |
|a Social problems and services.
|9 51150
|
| 651 |
|
0 |
|a Bangladesh
|x Economic policy.
|9 51151
|
| 700 |
1 |
|
|a Rahman, Hossain Zillur,
|d 1951-
|e editor.
|9 51152
|
| 710 |
2 |
|
|a United Nations Development Programme.
|9 51153
|
| 852 |
|
|
|a Ayesha Abed Library
|c General Stacks
|
| 942 |
|
|
|2 ddc
|c BK
|
| 952 |
|
|
|0 0
|1 0
|2 ddc
|4 0
|6 361_609549200000000_SOC
|7 0
|9 71503
|a SCL
|b SCL
|c GEN
|d 2022-08-03
|e Book Finder International
|g 1608.88
|l 0
|o 361.6095492 SOC
|p 3020039488
|r 2022-08-03
|t 1
|v 0.00
|w 2022-08-03
|y BK
|